| Поле | Инд. | ПП | Название | Значение |
|---|---|---|---|---|
| Тип записи | a | |||
| Библиографический уровень | m | |||
| 001 | Контрольный номер | RU/IS/BASE/667908836 | ||
| 005 | Дата корректировки | 20240808093300.8 | ||
| 020 | a | ISBN | 978-5-17-116291-7 | |
| c | Цена, тираж | 420-00 | ||
| 040 | b | Код языка каталог. | rus | |
| e | Правила каталог. | PSBO | ||
| 041 | 0_ | a | Код языка текста | rus |
| 084 | a | Индекс другой классификации/Индекс ББК | 87 | |
| 090 | a | Полочн. индекс | 87 | |
| c | Каталожный индекс | 87 | ||
| x | Авторский знак | А 86 | ||
| 091 | i | Возрастная адресация (DOS) | 16+ | |
| 097 | b | Оператор | ; Сунагатуллина; Максимова | |
| 100 | 1_ | a | Автор | Арти З. |
| q | Полное имя | Арти Закарайя | ||
| 245 | 10 | a | Заглавие | Homo Futurus |
| b | Продолж. заглавия | Облачный мир. Эволюция сознания и технологий : [16+] | ||
| 260 | a | Место издания | Москва | |
| b | Издательство | АСТ | ||
| c | Дата издания | 2019 | ||
| 300 | a | Объем | 368 с. | |
| 440 | _0 | a | Серия | Лучшие научно-популярные книги |
| 653 | a | Ключевые слова | познание; сознание эволюция | |
| 901 | t | Тип документа | m |